[Event "ODEM U25B 2012"]
[Site "Oberhof GER"]
[Date "2012.05.30"]
[Round "6"]
[White "Fischer, Maxi"]
[Black "Pappert, Florian"]
[Result "0-1"]
[Termination "normal"]
[Board "1"]
[WhiteElo "1418"]
[BlackElo "1461"]
[PlyCount "104"]
[WhiteFideId "24692395"]
[EventCountry "GER"]
[EventRounds "9"]
[EventType "swiss"]
[EventDate "2012.05.26"]

1. e4 c5 2. Nf3 Nc6 3. d4 cxd4 4. Nxd4 Nf6 5. f3 g6 6. Be3 Bg7 7. Nc3 O-O 8.
Qd2 d5 9. O-O-O dxe4 10. Kb1 Nxd4 11. Bxd4 exf3 12. gxf3 Bf5 13. h4 Qc7 14. Bh3
Bxh3 15. Rxh3 Rfd8 16. Qf2 b6 17. Rg1 Qd7 18. Bxf6 Qxh3 19. Bxg7 Kxg7 20. Re1
Rd7 21. a3 Rad8 22. Ka2 Rd2 23. Qe3 Qxh4 24. Kb1 Qf2 25. Qe5+ Kg8 26. Qxe7 Qxf3
27. Ka2 Qf5 28. Re4 R8d7 29. Qh4 Rxc2 30. Qh6 Rd8 31. Rh4 g5 32. Rh5 Qe6+ 33.
Qxe6 fxe6 34. Rxg5+ Kf7 35. Rb5 Rd3 36. Kb3 Rh2 37. Kc4 Rdd2 38. b4 h5 39. Rg5
a6 40. a4 Rh4+ 41. Kb3 Rd3 42. Kc2 Rf3 43. b5 a5 44. Nd1 Rh2+ 45. Kb1 Rf1 46.
Kc1 Rhh1 47. Rg2 Rxd1+ 48. Kc2 Ra1 49. Rf2+ Ke7 50. Kd3 Rxa4 51. Rc2 Rh3+ 52.
Kd2 Rh2+ 0-1

[Event "ODEM U25B 2012"]
[Site "Oberhof GER"]
[Date "2012.05.30"]
[Round "6"]
[White "Dresig, Moritz"]
[Black "Janke, Christopher"]
[Result "0-1"]
[Termination "normal"]
[Board "2"]
[WhiteElo "1711"]
[BlackElo "1589"]
[PlyCount "93"]
[WhiteFideId "1270307"]
[EventCountry "GER"]
[EventRounds "9"]
[EventType "swiss"]
[EventDate "2012.05.26"]

1. g3 Nf6 2. c4 e6 3. Bg2 d5 4. Nc3 dxc4 5. Qa4+ Bd7 6. Qxc4 Bc6 7. Nf3 Nbd7 8.
d4 Nb6 9. Qb3 Be7 10. O-O O-O 11. Rd1 Nfd5 12. Nxd5 Bxd5 13. Qc2 f5 14. Bf4 Bd6
15. Ne5 c6 16. e4 Bxe5 17. dxe5 fxe4 18. Bxe4 Qe7 19. Bxh7+ Kh8 20. Bg6 Rxf4
21. gxf4 Qh4 22. Qe2 Qxf4 23. Qh5+ Qh6 24. Qxh6+ gxh6 25. Rd3 Nc4 26. Re1 Nxb2
27. Rh3 Kg7 28. Bh5 Nc4 29. Rg3+ Kh8 30. Bf7 Rf8 31. Bh5 Rf5 32. Bg4 Rxe5 33.
Rxe5 Nxe5 34. f4 Nxg4 35. Rxg4 Bxa2 36. Rg2 Bd5 37. Rb2 c5 38. Kf2 Kg7 39. Ke3
Kf6 40. Rb1 Kf5 41. Rc1 c4 42. Rg1 b5 43. Ra1 b4 44. Rxa7 b3 45. Ra1 c3 46. Kd3
c2 47. Rf1 0-1

[Event "ODEM U25B 2012"]
[Site "Oberhof GER"]
[Date "2012.05.30"]
[Round "6"]
[White "Naujoks, Max"]
[Black "Denkert, Robert"]
[Result "1/2-1/2"]
[Termination "normal"]
[Board "3"]
[WhiteElo "1398"]
[BlackElo "1491"]
[PlyCount "70"]
[WhiteFideId "12947318"]
[BlackFideId "12957216"]
[EventCountry "GER"]
[EventRounds "9"]
[EventType "swiss"]
[EventDate "2012.05.26"]

1. Nf3 Nf6 2. d3 g6 3. e4 d6 4. g3 Bg7 5. Bg2 O-O 6. O-O c5 7. c3 Nc6 8. Nbd2
Bd7 9. Nh4 Qc8 10. f4 Bh3 11. Nhf3 Bxg2 12. Kxg2 Ng4 13. Qe2 b5 14. h3 Nf6 15.
d4 cxd4 16. cxd4 a6 17. b3 d5 18. e5 Nh5 19. Bb2 Qf5 20. Ne1 Rfe8 21. Nd3 Qe6
22. g4 Nf6 23. Nc5 Qc8 24. exf6 exf6 25. Qf2 f5 26. g5 f6 27. h4 fxg5 28. hxg5
Nd8 29. Rfe1 Ne6 30. Rac1 Nxc5 31. Rxe8+ Qxe8 32. Rxc5 Qe6 33. Kf3 Re8 34. Rc3
Bxd4 35. Rc6 Bxf2 1/2-1/2

[Event "ODEM U25B 2012"]
[Site "Oberhof GER"]
[Date "2012.05.30"]
[Round "6"]
[White "Siegl, Adrian"]
[Black "Herrmann, Heribert"]
[Result "1/2-1/2"]
[Termination "normal"]
[Board "4"]
[WhiteElo "1712"]
[BlackElo "1534"]
[PlyCount "82"]
[WhiteFideId "12930156"]
[BlackFideId "12971715"]
[EventCountry "GER"]
[EventRounds "9"]
[EventType "swiss"]
[EventDate "2012.05.26"]

1. e4 d6 2. d4 Nf6 3. Nc3 g6 4. Be3 Bg7 5. Qd2 Ng4 6. Bf4 O-O 7. h3 Nf6 8. Bh6
Nc6 9. Bxg7 Kxg7 10. Be2 e5 11. d5 Ne7 12. g4 Rh8 13. f4 h5 14. g5 Nd7 15. Nf3
a6 16. fxe5 Nxe5 17. Qf4 Nxf3+ 18. Qxf3 Rf8 19. Qf6+ Kh7 20. h4 Ng8 21. Qxd8
Rxd8 22. Rf1 Rf8 23. Kd2 Bh3 24. Rf3 Bg4 25. Rf2 Bxe2 26. Nxe2 f6 27. Raf1 Kg7
28. Nd4 Rf7 29. Ne6+ Kh7 30. gxf6 Nh6 31. Ng5+ Kg8 32. Nxf7 Kxf7 33. Rf3 Ng4
34. Rc3 Rc8 35. a4 a5 36. Rg3 Re8 37. Kd3 Ne5+ 38. Kd4 Ng4 39. Rc3 Rc8 40. Rb3
Rb8 41. c4 b6 1/2-1/2

[Event "ODEM U25B 2012"]
[Site "Oberhof GER"]
[Date "2012.05.30"]
[Round "6"]
[White "Schmidt, Daniel"]
[Black "Pixa, Ulrich"]
[Result "1/2-1/2"]
[Termination "normal"]
[Board "5"]
[WhiteElo "1419"]
[BlackElo "1501"]
[PlyCount "79"]
[WhiteFideId "12957950"]
[BlackFideId "4697723"]
[EventCountry "GER"]
[EventRounds "9"]
[EventType "swiss"]
[EventDate "2012.05.26"]

1. c4 e5 2. Nc3 Nc6 3. g3 g6 4. Bg2 Bg7 5. e3 f5 6. Nge2 d6 7. d4 Nge7 8. O-O
O-O 9. b3 Bd7 10. Bb2 Rb8 11. Qd2 b6 12. Rfd1 exd4 13. Nxd4 Nxd4 14. exd4 Re8
15. Ne2 Nc6 16. d5 Ne5 17. Rab1 Qe7 18. Re1 Ng4 19. h3 Bxb2 20. Qxb2 Nf6 21.
Qd2 Qf7 22. Nd4 Rxe1+ 23. Rxe1 Re8 24. Rxe8+ Qxe8 25. Qe2 Qf7 26. Nf3 Ne4 27.
Nd4 Nc5 28. b4 Na6 29. a3 Nb8 30. b5 a6 31. a4 axb5 32. axb5 Bc8 33. Qe3 Nd7
34. Qe6 Qxe6 35. Nxe6 Ne5 36. Nxc7 Nxc4 37. Bf1 Ne5 38. Ne8 Nf7 39. Nc7 Ne5 40.
Ne8 1/2-1/2

[Event "ODEM U25B 2012"]
[Site "Oberhof GER"]
[Date "2012.05.30"]
[Round "6"]
[White "Petersen, Marcel"]
[Black "Eggert, André"]
[Result "0-1"]
[Termination "normal"]
[Board "6"]
[WhiteElo "1582"]
[BlackElo "1517"]
[PlyCount "52"]
[WhiteFideId "12935670"]
[BlackFideId "1270464"]
[EventCountry "GER"]
[EventRounds "9"]
[EventType "swiss"]
[EventDate "2012.05.26"]

1. d4 d5 2. e3 Nf6 3. c4 c6 4. Nc3 Bf5 5. Qb3 b6 6. Nf3 e6 7. Nh4 Bg6 8. Nxg6
hxg6 9. Bd3 Bd6 10. Bd2 Nbd7 11. e4 dxe4 12. Nxe4 Nxe4 13. Bxe4 Rc8 14. Qa4 Qc7
15. h3 Nf6 16. Bf3 Kd7 17. Rc1 Rh4 18. g4 a5 19. g5 Ne4 20. Bxe4 Rxe4+ 21. Be3
Bf4 22. Rd1 Bxe3 23. fxe3 Qg3+ 24. Kf1 Rxe3 25. d5 Rf3+ 26. Ke2 Qf2# 0-1

[Event "ODEM U25B 2012"]
[Site "Oberhof GER"]
[Date "2012.05.30"]
[Round "6"]
[White "Wheeler, Sebastian"]
[Black "Hageresch, Leon"]
[Result "1-0"]
[Termination "normal"]
[Board "7"]
[WhiteElo "1658"]
[BlackElo "1371"]
[PlyCount "23"]
[WhiteFideId "12923060"]
[BlackFideId "12933899"]
[EventCountry "GER"]
[EventRounds "9"]
[EventType "swiss"]
[EventDate "2012.05.26"]

1. e4 Nf6 2. Nc3 d5 3. exd5 Nxd5 4. Bc4 Nxc3 5. Qf3 e6 6. Qxc3 Nc6 7. Nf3 b6 8.
Bb5 Bb7 9. Bxc6+ Bxc6 10. Qxc6+ Ke7 11. d3 Qd6 12. Qxa8 1-0

[Event "ODEM U25B 2012"]
[Site "Oberhof GER"]
[Date "2012.05.30"]
[Round "6"]
[White "Schramm, Anna-Lena"]
[Black "von Reppert, Marc"]
[Result "0-1"]
[Termination "normal"]
[Board "8"]
[WhiteElo "1359"]
[BlackElo "1468"]
[PlyCount "62"]
[WhiteFideId "12918237"]
[BlackFideId "12918130"]
[EventCountry "GER"]
[EventRounds "9"]
[EventType "swiss"]
[EventDate "2012.05.26"]

1. e4 c5 2. Nc3 d6 3. Nf3 Nf6 4. d4 cxd4 5. Nxd4 a6 6. Bg5 e6 7. Nf3 Be7 8. Bd3
O-O 9. O-O Nc6 10. Re1 Qc7 11. Qe2 Re8 12. Bf4 e5 13. Bg3 Be6 14. Ng5 Nd4 15.
Qf1 Nd7 16. Nxe6 fxe6 17. Rac1 Nc5 18. Bc4 Rac8 19. b3 Rf8 20. Nd1 Bg5 21. Ne3
Nxe4 22. c3 Nxg3 23. hxg3 Bxe3 24. Rxe3 d5 25. Bxd5 exd5 26. cxd4 Qxc1 27. Re1
Qd2 28. dxe5 Rc2 29. f3 Rxf3 30. Qxf3 Qxe1+ 31. Kh2 Qxe5 0-1

[Event "ODEM U25B 2012"]
[Site "Oberhof GER"]
[Date "2012.05.30"]
[Round "6"]
[White "Dopmann, Sina"]
[Black "Arns, Alexander"]
[Result "0-1"]
[Termination "normal"]
[Board "9"]
[WhiteElo "1158"]
[BlackElo "1452"]
[PlyCount "70"]
[BlackFideId "12944009"]
[EventCountry "GER"]
[EventRounds "9"]
[EventType "swiss"]
[EventDate "2012.05.26"]

1. Nc3 d5 2. e4 d4 3. Nce2 e5 4. Ng3 Nf6 5. Nf3 Bd6 6. Bc4 O-O 7. d3 Nbd7 8. a3
Nb6 9. Ba2 Re8 10. O-O Be6 11. Bg5 Bxa2 12. Rxa2 h6 13. Bxf6 Qxf6 14. Nf5 Rad8
15. Ra1 Na4 16. Rb1 Nc5 17. b4 Na4 18. Qd2 Nc3 19. Rbe1 Re6 20. Kh1 Bf8 21. Ng1
Ra6 22. Qc1 Nb5 23. Qb2 Rxa3 24. Ra1 Rxa1 25. Rxa1 g6 26. Ng3 a6 27. Nf3 Qd6
28. Ra4 Re8 29. Nd2 Nc3 30. Ra3 Nd1 31. Qb1 Nxf2+ 32. Kg1 Ng4 33. Rb3 Qf6 34.
Qd1 Qf2+ 35. Kh1 Ne3 0-1

[Event "ODEM U25B 2012"]
[Site "Oberhof GER"]
[Date "2012.05.30"]
[Round "6"]
[White "Gast, Benedikt"]
[Black "Greßmann, Hanna"]
[Result "1/2-1/2"]
[Termination "normal"]
[Board "10"]
[WhiteElo "1860"]
[BlackElo "1393"]
[PlyCount "47"]
[WhiteFideId "12937967"]
[BlackFideId "12930709"]
[EventCountry "GER"]
[EventRounds "9"]
[EventType "swiss"]
[EventDate "2012.05.26"]

1. d4 d5 2. Nf3 Nf6 3. e3 Bg4 4. h3 Bh5 5. Bd3 e6 6. Nbd2 c5 7. c3 Nc6 8. O-O
Bd6 9. dxc5 Bxc5 10. e4 O-O 11. Qc2 Bxf3 12. Nxf3 dxe4 13. Bxe4 Nxe4 14. Qxe4
h6 15. Bf4 Qf6 16. Rad1 Rad8 17. Be3 Bxe3 18. Qxe3 Rxd1 19. Rxd1 Rd8 20. Qe2 a6
21. Rd2 Rxd2 22. Qxd2 Qe7 23. Qd3 Qc7 24. Qc4 1/2-1/2

[Event "ODEM U25B 2012"]
[Site "Oberhof GER"]
[Date "2012.05.30"]
[Round "6"]
[White "Hoppe, Michael"]
[Black "Suvorov, Alexander"]
[Result "1/2-1/2"]
[Termination "normal"]
[Board "11"]
[WhiteElo "1426"]
[BlackElo "1223"]
[PlyCount "53"]
[WhiteFideId "12928747"]
[BlackFideId "12977063"]
[EventCountry "GER"]
[EventRounds "9"]
[EventType "swiss"]
[EventDate "2012.05.26"]

1. d4 Nf6 2. Bf4 e6 3. Nc3 Bb4 4. f3 O-O 5. e3 Nd5 6. Nge2 g5 7. Bg3 Nxe3 8.
Qd3 Nf5 9. Bf2 f6 10. g4 Ne7 11. h4 Ng6 12. hxg5 fxg5 13. Bg3 Rf7 14. O-O-O b6
15. d5 e5 16. a3 Bxc3 17. Nxc3 Ba6 18. Qe4 Bxf1 19. Rdxf1 d6 20. Rh6 Nd7 21.
Rfh1 a6 22. Rxg6+ hxg6 23. Qxg6+ Rg7 24. Qe6+ Rf7 25. Qg6+ Rg7 26. Qe6+ Rf7 27.
Qg6+ 1/2-1/2

[Event "ODEM U25B 2012"]
[Site "Oberhof GER"]
[Date "2012.05.30"]
[Round "6"]
[White "Huruglica, Emre"]
[Black "Bachmann, Jonas"]
[Result "0-1"]
[Termination "normal"]
[Board "12"]
[WhiteElo "1103"]
[BlackElo "1426"]
[PlyCount "42"]
[BlackFideId "12922919"]
[EventCountry "GER"]
[EventRounds "9"]
[EventType "swiss"]
[EventDate "2012.05.26"]

1. e4 e5 2. Nf3 Nc6 3. Bc4 Bc5 4. O-O d6 5. Nc3 Bg4 6. d3 Nd4 7. Be3 Nxf3+ 8.
gxf3 Bh3 9. Re1 Bxe3 10. Ne2 Bf4 11. d4 Qg5+ 12. Ng3 Nf6 13. dxe5 dxe5 14. Bb5+
c6 15. Bf1 Rd8 16. Qe2 Rd2 17. Qc4 Be6 18. Qb4 Nh5 19. Red1 Nxg3 20. fxg3 Rxh2
21. g4 Qh4 0-1

[Event "ODEM U25B 2012"]
[Site "Oberhof GER"]
[Date "2012.05.30"]
[Round "6"]
[White "Hölzer, Jeanette"]
[Black "Dittrich, Tom"]
[Result "1/2-1/2"]
[Termination "normal"]
[Board "13"]
[WhiteElo "1376"]
[BlackElo "1627"]
[PlyCount "87"]
[WhiteFideId "12917982"]
[BlackFideId "12923532"]
[EventCountry "GER"]
[EventRounds "9"]
[EventType "swiss"]
[EventDate "2012.05.26"]

1. e4 c5 2. Nf3 d6 3. d4 cxd4 4. Nxd4 Nf6 5. Nc3 a6 6. Be3 e5 7. Nb3 Be6 8. f3
Be7 9. Qd2 Nbd7 10. O-O-O O-O 11. g4 b5 12. h4 b4 13. Ne2 a5 14. h5 Nb6 15. Ng3
Qc7 16. Kb1 Rfc8 17. Nf5 Bxf5 18. gxf5 Nc4 19. Bxc4 Qxc4 20. Qg2 Kh8 21. Rdg1
Rg8 22. Rh2 d5 23. Bg5 d4 24. Nc1 a4 25. Nd3 Qb5 26. Qg3 Bd6 27. h6 Be7 28.
Nxe5 Qe8 29. hxg7+ Rxg7 30. Bxf6 Bxf6 31. Ng4 Be5 32. f4 Bc7 33. Qf3 Qb8 34.
Rf1 Qg8 35. Rg2 Ra6 36. Rfg1 Qb8 37. Rf1 Rb6 38. Kc1 b3 39. axb3 axb3 40. cxb3
Rxb3 41. Qf2 d3 42. e5 Qa8 43. Kb1 Bb6 44. Qd2 1/2-1/2

[Event "ODEM U25B 2012"]
[Site "Oberhof GER"]
[Date "2012.05.30"]
[Round "6"]
[White "Focke, Adrian"]
[Black "Tsoumanis, Neoptolemos"]
[Result "0-1"]
[Termination "normal"]
[Board "14"]
[WhiteElo "1312"]
[BlackElo "1181"]
[PlyCount "128"]
[WhiteFideId "12969869"]
[EventCountry "GER"]
[EventRounds "9"]
[EventType "swiss"]
[EventDate "2012.05.26"]

1. e4 d5 2. exd5 Qxd5 3. Nc3 Qa5 4. d4 Nf6 5. Bd3 Bf5 6. Be3 e6 7. Nge2 Be7 8.
O-O Nbd7 9. a3 c6 10. Ng3 Bxd3 11. Qxd3 Qc7 12. Rad1 Rd8 13. Qe2 Nb6 14. Rfe1
O-O 15. Qf1 c5 16. dxc5 Bxc5 17. Nb5 Qe5 18. Bxc5 Qxc5 19. Nc3 Nbd5 20. Qb5 Qc7
21. Rd3 Nf4 22. Rxd8 Rxd8 23. Qe5 Qxe5 24. Rxe5 Rd2 25. Nce2 Rd1+ 26. Nf1 Re1
27. g3 Ng4 28. Re4 Nxe2+ 29. Kg2 f5 30. Rxe6 Nf4+ 31. gxf4 Rxe6 32. Kf3 Re1 33.
Ng3 Nxh2+ 34. Kg2 Ng4 35. Nxf5 Re2 36. Kf3 Rxf2+ 37. Kxg4 Rxc2 38. b3 Rc3 39.
Nd4 Rd3 40. Nb5 a6 41. Nc7 Rxb3 42. Ne6 Rxa3 43. Nc5 Ra1 44. Nxb7 a5 45. Nc5 a4
46. Nxa4 Rxa4 47. Kg5 Kf7 48. Kf5 g6+ 49. Kg5 Ra5+ 50. Kg4 Kf6 51. Kf3 Kf5 52.
Kg3 Ra3+ 53. Kh4 Ra4 54. Kg3 Rxf4 55. Kg2 Rh4 56. Kg3 g5 57. Kf3 Rg4 58. Ke3
Rf4 59. Kd3 g4 60. Ke3 g3 61. Kd3 g2 62. Ke2 g1=Q 63. Kd3 Qd4+ 64. Ke2 Rf2+ 0-1

[Event "ODEM U25B 2012"]
[Site "Oberhof GER"]
[Date "2012.05.30"]
[Round "6"]
[White "Sherif, Malik"]
[Black "Granzin, David"]
[Result "1/2-1/2"]
[Termination "normal"]
[Board "15"]
[WhiteElo "1217"]
[BlackElo "1289"]
[PlyCount "66"]
[WhiteFideId "12911755"]
[BlackFideId "12922145"]
[EventCountry "GER"]
[EventRounds "9"]
[EventType "swiss"]
[EventDate "2012.05.26"]

1. e4 c5 2. Nf3 a6 3. d4 cxd4 4. Nxd4 d6 5. Nc3 e5 6. Nf3 Nf6 7. Bg5 Nbd7 8.
Bc4 Be7 9. O-O O-O 10. Re1 Qc7 11. Bb3 b5 12. a3 Bb7 13. Bd5 Nb6 14. Bxb7 Qxb7
15. Bxf6 Bxf6 16. Qxd6 Rfd8 17. Qb4 Rac8 18. Qb3 Rc4 19. Rad1 Qe7 20. Rxd8+
Qxd8 21. Rd1 Qc7 22. Nd2 Rd4 23. Nf3 Rxd1+ 24. Nxd1 Qd6 25. Qd3 Be7 26. Qxd6
Bxd6 27. Kf1 f6 28. Ke2 Nc4 29. Nd2 Nxd2 30. Kxd2 Kf7 31. Nc3 Ke6 32. Kd3 Bc5
33. f3 Kd6 1/2-1/2

[Event "ODEM U25B 2012"]
[Site "Oberhof GER"]
[Date "2012.05.30"]
[Round "6"]
[White "Häusler, Luis"]
[Black "Bossert, Felix"]
[Result "0-1"]
[Termination "normal"]
[Board "16"]
[WhiteElo "1124"]
[BlackElo "1284"]
[PlyCount "100"]
[WhiteFideId "12942928"]
[BlackFideId "12960977"]
[EventCountry "GER"]
[EventRounds "9"]
[EventType "swiss"]
[EventDate "2012.05.26"]

1. e4 c5 2. Nc3 d6 3. f4 Nc6 4. Nf3 g6 5. g3 Bg7 6. Bg2 e6 7. d3 Nge7 8. O-O
O-O 9. Be3 b6 10. Bf2 Bb7 11. Qd2 d5 12. e5 Bh6 13. g4 Qc7 14. Nb5 Qd7 15. a4
Ba6 16. Bg3 Bxb5 17. axb5 Na5 18. c4 Nb3 19. Qe2 Nxa1 20. Rxa1 a6 21. bxa6 Qc8
22. a7 Qb7 23. cxd5 Nxd5 24. Nd2 Rxa7 25. Rf1 Qd7 26. Ne4 Bg7 27. Nd6 Rd8 28.
f5 Bf8 29. Nc4 b5 30. Nd2 Nb4 31. Ne4 Qxd3 32. Nf6+ Kh8 33. Qxd3 Rxd3 34. fxg6
hxg6 35. Rf4 Rd4 36. Rf3 Nd5 37. Bf2 Rd1+ 38. Bf1 Nxf6 39. exf6 Raa1 40. Be3
Bd6 41. Kg2 Ra2 42. Rh3+ Kg8 43. Rf3 Rxb2+ 44. Rf2 Rxf2+ 45. Bxf2 b4 46. Bc4
Rc1 47. Bb3 c4 48. Bxc4 Rxc4 49. Be3 b3 50. Bf2 b2 0-1

[Event "ODEM U25B 2012"]
[Site "Oberhof GER"]
[Date "2012.05.30"]
[Round "6"]
[White "Zyla, Lennert"]
[Black "Riedel, Erich"]
[Result "0-1"]
[Termination "normal"]
[Board "17"]
[WhiteElo "1048"]
[BlackElo "1276"]
[PlyCount "122"]
[WhiteFideId "12981567"]
[BlackFideId "12958646"]
[EventCountry "GER"]
[EventRounds "9"]
[EventType "swiss"]
[EventDate "2012.05.26"]

1. e4 e6 2. d4 d5 3. Nd2 Nf6 4. e5 Nfd7 5. Bd3 c5 6. c3 Nc6 7. Ne2 Qb6 8. Nf3
Be7 9. O-O O-O 10. Bb1 Re8 11. Qc2 Nf8 12. Rd1 cxd4 13. cxd4 Bd7 14. a3 Rac8
15. Qd3 h6 16. Nf4 Na5 17. Nh5 Nb3 18. Bd2 Nxa1 19. b4 Bb5 20. Qe3 Nc2 21. Bxc2
Rxc2 22. Qf4 Ng6 23. Qg3 Qd8 24. Nf4 Bf8 25. Nxg6 fxg6 26. Qxg6 Rxd2 27. Rxd2
Qe7 28. h3 Qf7 29. Qg3 Be7 30. Rc2 Bd8 31. Rc5 Bc4 32. Rc8 Qd7 33. Ra8 a6 34.
Nd2 Bb5 35. Qg6 Bg5 36. Rxe8+ Qxe8 37. Qxe8+ Bxe8 38. Nb3 b6 39. g3 Ba4 40. f4
Bxf4 41. gxf4 Bxb3 42. Kf2 Kf7 43. h4 Kg6 44. Kg2 Kf5 45. Kf3 h5 46. Kg3 Bd1
47. b5 axb5 48. Kf2 Kxf4 49. Ke1 Bb3 50. Kd2 Kg4 51. Kc3 Bc4 52. Kb4 Kxh4 53.
a4 bxa4 54. Kxa4 Kg4 55. Ka3 h4 56. Kb2 h3 57. Kc3 h2 58. Kd2 h1=Q 59. Kc3 Qc1+
60. Kb4 Qb2+ 61. Ka4 Qb3# 0-1

[Event "ODEM U25B 2012"]
[Site "Oberhof GER"]
[Date "2012.05.30"]
[Round "6"]
[White "Schier, Lukas"]
[Black "Bick, Lennard"]
[Result "1-0"]
[Termination "normal"]
[Board "18"]
[WhiteElo "1272"]
[BlackElo "1169"]
[PlyCount "41"]
[EventCountry "GER"]
[EventRounds "9"]
[EventType "swiss"]
[EventDate "2012.05.26"]

1. e4 e5 2. Nf3 Nc6 3. Bc4 Bc5 4. d3 d6 5. Nc3 Bg4 6. h3 Bh5 7. Bg5 Bxf3 8.
Qxf3 Qxg5 9. Qxf7+ Kd8 10. Qf8+ Kd7 11. Qxa8 Nd4 12. Bb3 Qxg2 13. O-O-O Qxf2
14. Rdf1 Nxb3+ 15. axb3 Be3+ 16. Kb1 Qg2 17. Nd5 Bf4 18. Rhg1 Qxh3 19. Rxg7+
Ke6 20. Qe8+ Ne7 21. Qxe7# 1-0

[Event "ODEM U25B 2012"]
[Site "Oberhof GER"]
[Date "2012.05.30"]
[Round "6"]
[White "Moos, Daniel"]
[Black "Gast, Antonia"]
[Result "0-1"]
[Termination "normal"]
[Board "19"]
[WhiteElo "1173"]
[BlackElo "1395"]
[PlyCount "108"]
[BlackFideId "12929336"]
[EventCountry "GER"]
[EventRounds "9"]
[EventType "swiss"]
[EventDate "2012.05.26"]

1. Nf3 d6 2. d4 Nf6 3. c4 Nbd7 4. e3 e5 5. dxe5 dxe5 6. Nc3 Be7 7. Be2 O-O 8.
O-O c6 9. Qc2 Qc7 10. Rd1 Re8 11. b3 a5 12. a4 Bd6 13. Ba3 Bxa3 14. Rxa3 Nc5
15. Raa1 Bg4 16. h3 Bh5 17. Ra2 Bg6 18. Qb2 Qb6 19. Nh4 Rad8 20. Nxg6 Rxd1+ 21.
Bxd1 hxg6 22. Qb1 e4 23. Rd2 Qb4 24. Qc2 Qb6 25. Rd4 Kh7 26. Qb1 Rd8 27. Ne2
Rxd4 28. Nxd4 Nxa4 29. Bc2 Nc5 30. Qd1 Qd8 31. Qe1 Na6 32. f3 exf3 33. Nxf3 Qe7
34. Qh4+ Kg8 35. e4 Qc5+ 36. Kf1 Qh5 37. Qxh5 Nxh5 38. Kf2 Nb4 39. Bb1 Nf4 40.
Ne1 Ne6 41. Ke3 Kf8 42. Nf3 Ke7 43. Ne5 c5 44. Nf3 f6 45. e5 f5 46. g3 Nc6 47.
Bc2 Ned4 48. Nxd4 Nxd4 49. Bd1 g5 50. g4 g6 51. gxf5 gxf5 52. Kf2 Ke6 53. Kg3
Kxe5 54. h4 gxh4+ 0-1

[Event "ODEM U25B 2012"]
[Site "Oberhof GER"]
[Date "2012.05.30"]
[Round "6"]
[White "Neumann, Tiemon"]
[Black "Thumm, Niklas"]
[Result "1/2-1/2"]
[Termination "normal"]
[Board "20"]
[WhiteElo "1750"]
[BlackElo "1183"]
[PlyCount "104"]
[WhiteFideId "12925462"]
[BlackFideId "12918733"]
[EventCountry "GER"]
[EventRounds "9"]
[EventType "swiss"]
[EventDate "2012.05.26"]

1. e4 e5 2. Nf3 Nc6 3. Nc3 Nf6 4. d4 exd4 5. Nxd4 Bb4 6. Nxc6 bxc6 7. Bd3 d5 8.
exd5 cxd5 9. O-O O-O 10. Bg5 c6 11. Qf3 Be7 12. Rfe1 Re8 13. Qe3 Be6 14. Na4
Ng4 15. Bxe7 Qxe7 16. Qh3 g6 17. Qg3 Qb4 18. b3 d4 19. h3 Bxb3 20. Rxe8+ Rxe8
21. cxb3 Re1+ 22. Rxe1 Qxe1+ 23. Bf1 Nf6 24. Nc5 Nd5 25. Nd7 Qe8 26. Qd6 Kg7
27. Qe5+ Qxe5 28. Nxe5 c5 29. Bc4 Kf6 30. Nc6 Nb6 31. Nxa7 Nxc4 32. bxc4 Ke5
33. Kf1 d3 34. Ke1 Kd4 35. Kd2 Kxc4 36. Nc6 Kd5 37. Kxd3 Kxc6 38. Kc4 f5 39. a4
Kb6 40. f4 h6 41. g4 fxg4 42. hxg4 h5 43. f5 gxf5 44. gxf5 h4 45. f6 h3 46. f7
h2 47. f8=Q h1=Q 48. Qxc5+ Kb7 49. Qe7+ Kb6 50. Qd8+ Ka7 51. Qa5+ Kb7 52. Qb5+
Ka7 1/2-1/2

[Event "ODEM U25B 2012"]
[Site "Oberhof GER"]
[Date "2012.05.30"]
[Round "6"]
[White "Hoffmann, Rasmus"]
[Black "Friedrich, Robert"]
[Result "0-1"]
[Termination "normal"]
[Board "21"]
[WhiteElo "1151"]
[BlackElo "1350"]
[PlyCount "68"]
[BlackFideId "1271541"]
[EventCountry "GER"]
[EventRounds "9"]
[EventType "swiss"]
[EventDate "2012.05.26"]

1. Nc3 e5 2. Nf3 Nc6 3. d4 exd4 4. Nxd4 Nf6 5. Bg5 h6 6. Bf4 Bc5 7. e3 O-O 8.
Bc4 Nxd4 9. exd4 Re8+ 10. Be3 Bb6 11. Qd2 d5 12. Bd3 Bxd4 13. O-O-O Bxe3 14.
fxe3 Bg4 15. Rde1 Re5 16. Rhf1 Qe7 17. h3 Bd7 18. g4 Re8 19. Rf3 Bc6 20. Rg3 d4
21. Nd1 dxe3 22. Nxe3 Nd5 23. Ng2 Rxe1+ 24. Nxe1 Qxe1+ 25. Qxe1 Rxe1+ 26. Kd2
Re6 27. Bc4 Rd6 28. Kc1 Nf4 29. Re3 Kf8 30. b3 Bg2 31. Bb5 c6 32. Bc4 c5 33.
Be2 Nxe2+ 34. Rxe2 Bxh3 0-1

[Event "ODEM U25B 2012"]
[Site "Oberhof GER"]
[Date "2012.05.30"]
[Round "6"]
[White "Giede, Anna-Blume"]
[Black "Stockter, Jasper Enno"]
[Result "1/2-1/2"]
[Termination "normal"]
[Board "23"]
[WhiteElo "1250"]
[BlackElo "1107"]
[PlyCount "42"]
[WhiteFideId "12921980"]
[BlackFideId "12957291"]
[EventCountry "GER"]
[EventRounds "9"]
[EventType "swiss"]
[EventDate "2012.05.26"]

1. e4 e6 2. d4 d5 3. Nd2 Ne7 4. f4 dxe4 5. Nxe4 Nd5 6. g3 Bd6 7. a3 Qe7 8. Nf2
c5 9. Bg2 Nc6 10. dxc5 Bxc5 11. Bxd5 exd5+ 12. Qe2 Qxe2+ 13. Nxe2 Nd4 14. Nxd4
Bxd4 15. O-O O-O 16. Rd1 Bxf2+ 17. Kxf2 Rd8 18. Be3 Bf5 19. c3 b6 20. Rd2 Rac8
21. a4 Rd7 1/2-1/2

[Event "ODEM U25B 2012"]
[Site "Oberhof GER"]
[Date "2012.05.30"]
[Round "6"]
[White "Paulweber, Lara"]
[Black "Silber, Kevin"]
[Result "1/2-1/2"]
[Termination "normal"]
[Board "24"]
[WhiteElo "902"]
[BlackElo "1196"]
[PlyCount "119"]
[WhiteFideId "12954411"]
[BlackFideId "12930440"]
[EventCountry "GER"]
[EventRounds "9"]
[EventType "swiss"]
[EventDate "2012.05.26"]

1. d4 d5 2. Bf4 Nf6 3. Nf3 e6 4. e3 c5 5. c3 Nc6 6. Bb5 Bd6 7. Bxd6 Qxd6 8.
Nbd2 O-O 9. Bd3 Re8 10. Qc2 e5 11. dxe5 Nxe5 12. Nxe5 Rxe5 13. Nf3 Rh5 14. Qd2
Qc7 15. h3 c4 16. Bb1 Be6 17. g4 Bxg4 18. Ng1 Qd7 19. h4 Qe6 20. f3 Bf5 21.
Bxf5 Qxf5 22. b3 Qg6 23. Rd1 Qg3+ 24. Qf2 Qxf2+ 25. Kxf2 cxb3 26. axb3 h6 27.
Ne2 Re8 28. Nf4 Rhe5 29. Rd3 g5 30. hxg5 hxg5 31. Nh5 Nxh5 32. Rxh5 Kg7 33. Rh1
a5 34. Ra1 b6 35. Ra4 Rc8 36. Kg2 Kg6 37. Kg3 f6 38. Kg4 f5+ 39. Kg3 Kf6 40.
Kg2 Ke6 41. Kf2 Rh8 42. Kg3 Rh7 43. Kg2 Rh8 44. Kg3 Rf8 45. Rad4 b5 46. Kf2 Rh8
47. Kg2 Rh7 48. Kg3 Rh1 49. c4 bxc4 50. bxc4 dxc4 51. Rxc4 Kf6 52. Rc6+ Re6 53.
Rxe6+ Kxe6 54. Ra3 Rd1 55. Rxa5 Rd5 56. Rxd5 Kxd5 57. e4+ Ke5 58. exf5 Kxf5 59.
Kg2 Kf4 60. Kf2 1/2-1/2